[Event "Interclub A"]
[Site "Adelaide"]
[Date "2008.05.13"]
[Round "3.1"]
[White "Mdinaradze, Edgar"]
[Black "Zulfic, Fedja"]
[Result "0-1"]
[WhiteElo "1908"]
[BlackElo "1862"]
[PlyCount "120"]
[EventDate "2008.04.29"]

1. d4 d5 2. Nf3 c6 3. Nc3 f5 4. Bf4 Nf6 5. h3 e6 6. e3 Bd6 7. Be5 Bxe5 8. Nxe5
Nbd7 9. Nd3 Ne4 10. Ne2 Ndf6 11. c3 O-O 12. Ne5 Ne8 13. g3 N8d6 14. Bg2 Bd7 15.
h4 Be8 16. Nf4 Qe7 17. Nfd3 Rc8 18. Bf3 Rc7 19. Rc1 g5 20. Qe2 g4 21. Bxe4 Nxe4
22. b4 a5 23. a3 b6 24. Qb2 Ra7 25. O-O a4 26. c4 Rf6 27. Kg2 Nd6 28. c5 bxc5
29. Rxc5 Ra6 30. Rfc1 Qb7 31. R1c2 Nb5 32. Qc1 Na7 33. R5c3 Nb5 34. Nc5 Qa7 35.
Nxa6 Nxc3 36. Rxc3 Qxa6 37. Qc2 f4 38. exf4 Qb6 39. Rc5 h5 40. Qxa4 Qb7 41. Qc2
Qa6 42. Qd3 Qa4 43. Rc3 Kg7 44. Qc2 Qb5 45. Re3 Qb7 46. Qc5 Kh6 47. a4 Bg6 48.
Nxg6 Kxg6 49. b5 Qf7 50. Qd6 cxb5 51. axb5 Kh7 52. b6 e5 53. Qc7 e4 54. Rc3 Kg6
55. Rc5 Qe6 56. Qe5 Qxb6 57. Qxh5+ Kxh5 58. Rxd5+ Kh6 59. h5 Qb3 60. Rg5 Qf3+
0-1

[Event "Interclub A"]
[Site "Adelaide"]
[Date "2008.05.13"]
[Round "3.2"]
[White "Saint, Andrew"]
[Black "Juszczynski, Mathew"]
[Result "1/2-1/2"]
[WhiteElo "1922"]
[BlackElo "1906"]
[PlyCount "106"]
[EventDate "2008.04.29"]

1. c4 e6 2. d4 d5 3. Nf3 Nf6 4. Bg5 c6 5. e3 Nbd7 6. Be2 dxc4 7. Bxc4 Qa5+ 8.
Nbd2 Ne4 9. Bf4 Nxd2 10. Nxd2 Be7 11. O-O O-O 12. Nb3 Qb4 13. Qc2 Bf6 14. a3
Qe7 15. Bd3 h6 16. Rad1 e5 17. dxe5 Bxe5 18. Bxe5 Nxe5 19. Bh7+ Kh8 20. Bf5
Bxf5 21. Qxf5 Rad8 22. Nd4 c5 23. Nf3 Nxf3+ 24. Qxf3 Kg8 25. h3 b5 26. Rxd8
Rxd8 27. Qc6 b4 28. Rc1 Qe5 29. axb4 cxb4 30. b3 Rd2 31. Qc4 Qf6 32. Rf1 Qc3
33. Qa6 Qxb3 34. Qxa7 Qb2 35. Qa8+ Kh7 36. Qe4+ g6 37. Rb1 Qf6 38. Qf3 Qe7 39.
Qf4 g5 40. Qxb4 Rd1+ 41. Kh2 Qe5+ 42. g3 Rxb1 43. Qxb1+ Kg7 44. Qd1 Qf5 45.
Qd4+ Kf8 46. Kg2 h5 47. e4 Qg6 48. Qe5 g4 49. Qf5 Qxf5 50. exf5 Kg7 51. hxg4
hxg4 52. f3 Kf6 53. fxg4 Kg5 1/2-1/2

[Event "Interclub A"]
[Site "Adelaide"]
[Date "2008.05.13"]
[Round "3.3"]
[White "Lang, Grahame"]
[Black "Short, Andrew"]
[Result "1/2-1/2"]
[WhiteElo "1703"]
[BlackElo "1703"]
[PlyCount "41"]
[EventDate "2008.04.29"]

1. e4 e5 2. Nf3 Nc6 3. Bc4 Bc5 4. c3 Nf6 5. d4 exd4 6. cxd4 Bb4+ 7. Nc3 Nxe4 8.
O-O Bxc3 9. bxc3 d5 10. Re1 O-O 11. Ba3 Re8 12. Bb3 Bg4 13. Qd3 Bxf3 14. Qxf3
Qd7 15. Rad1 Nf6 16. Bc1 h6 17. Bxh6 Rxe1+ 18. Rxe1 Re8 19. Rxe8+ Qxe8 20. Be3
Qe6 21. h3 1/2-1/2

[Event "Interclub A"]
[Site "Adelaide"]
[Date "2008.05.13"]
[Round "3.4"]
[White "Turcaj, Pavel"]
[Black "Staak, Eric"]
[Result "1-0"]
[WhiteElo "1566"]
[BlackElo "1473"]
[PlyCount "67"]
[EventDate "2008.04.29"]

1. d4 Nf6 2. c4 e6 3. Nf3 Bb4+ 4. Nc3 O-O 5. Qc2 Qe8 6. a3 Bxc3+ 7. Qxc3 d6 8.
e3 a5 9. Bd3 a4 10. O-O Na6 11. b4 axb3 12. Qxb3 e5 13. Bc2 e4 14. Nd2 c6 15.
f4 Qe7 16. a4 Re8 17. Ba3 c5 18. d5 h6 19. Qc3 Bg4 20. Bb2 Nb4 21. Bxe4 Be2 22.
Rfe1 Bxc4 23. Nxc4 Qxe4 24. Nxd6 Qxd5 25. Nxe8 Rxe8 26. Rad1 Qh5 27. e4 Qg4 28.
Qxc5 Kh7 29. Qxb4 Rxe4 30. Rxe4 Qxd1+ 31. Re1 Qd8 32. Bxf6 Qxf6 33. Qxb7 Qd4+
34. Kh1 1-0

[Event "Interclub A"]
[Site "Adelaide"]
[Date "2008.05.20"]
[Round "4.1"]
[White "Goldsmith, Alan"]
[Black "Zulfic, Fedja"]
[Result "1/2-1/2"]
[WhiteElo "2030"]
[BlackElo "1862"]
[PlyCount "93"]
[EventDate "2008.04.29"]

1. d4 d5 2. c4 e6 3. Nc3 f5 4. g4 fxg4 5. Bg2 Nf6 6. Bg5 c6 7. Qd3 Be7 8. h3
Na6 9. hxg4 Nb4 10. Qb1 dxc4 11. Bxf6 Bxf6 12. a3 Nd5 13. Rxh7 Rxh7 14. Qg6+
Kf8 15. Qxh7 Bxd4 16. Ne4 Nf6 17. Qh8+ Ng8 18. O-O-O Bxb2+ 19. Kc2 Qb6 20. Nc5
Bxa3 21. Rb1 Qxc5 22. Nf3 Qxf2 23. Rf1 Qxg2 24. Nd2+ Qxf1 25. Nxf1 Bd7 26. Nd2
b5 27. Nf3 Bd6 28. e4 b4 29. e5 Be7 30. g5 Be8 31. Qh7 Rd8 32. Qe4 Rd5 33. Qf4+
Bf7 34. g6 Nh6 35. gxf7 Nf5 36. Qh2 Rd3 37. Qh8+ Kxf7 38. Ng5+ Bxg5 39. Qh5+ g6
40. Qxg5 Nd4+ 41. Kc1 Nb3+ 42. Kc2 Rd2+ 43. Kb1 Rd1+ 44. Kb2 Rd2+ 45. Kb1 Rf2
46. Qxg6+ Ke7 47. Qe8+ 1/2-1/2

[Event "Interclub A"]
[Site "Adelaide"]
[Date "2008.05.20"]
[Round "4.2"]
[White "Saint, Andrew"]
[Black "Vosvotekas, Ross"]
[Result "1-0"]
[WhiteElo "1922"]
[BlackElo "1649"]
[PlyCount "51"]
[EventDate "2008.04.29"]

1. c4 Nf6 2. Nc3 g6 3. d4 c5 4. d5 d6 5. e4 e6 6. f4 exd5 7. cxd5 Bg7 8. Bb5+
Nfd7 9. a4 a6 10. Be2 b6 11. Nf3 O-O 12. O-O Re8 13. Bc4 Bxc3 14. bxc3 Rxe4 15.
Bd3 Re8 16. f5 Ne5 17. fxg6 fxg6 18. Bg5 Qd7 19. Nxe5 dxe5 20. d6 Qb7 21. Bc4+
Be6 22. Bxe6+ Rxe6 23. Qb3 Qc8 24. d7 Nxd7 25. Qxe6+ Kh8 26. Rad1 1-0

[Event "Interclub A"]
[Site "Adelaide"]
[Date "2008.05.20"]
[Round "4.3"]
[White "Cooke, Tristrom"]
[Black "Short, Andrew"]
[Result "0-1"]
[WhiteElo "1558"]
[BlackElo "1703"]
[PlyCount "82"]
[EventDate "2008.04.29"]

1. e4 d6 2. d4 Nf6 3. Nc3 g6 4. Bc4 Bg7 5. f4 O-O 6. e5 dxe5 7. fxe5 Ne8 8. Nf3
Bg4 9. O-O c5 10. Be3 cxd4 11. Qxd4 Qxd4 12. Bxd4 Nc6 13. Bc5 Bxf3 14. Rxf3
Nxe5 15. Bxe7 Nxc4 16. Bxf8 Bxf8 17. Ne2 Bc5+ 18. Kh1 Ne3 19. c3 Rd8 20. Nd4
Bxd4 21. cxd4 Nf5 22. g4 Nxd4 23. Rd3 Nc7 24. Rad1 Nce6 25. h3 Kg7 26. Kh2 Kf6
27. Kg3 Ke5 28. Re1+ Kd5 29. b3 Rd7 30. Rde3 Rc7 31. Re5+ Kd6 32. R5e3 f5 33.
Rd3 f4+ 34. Kh2 Rc2+ 35. Kh1 Kc5 36. Re5+ Kc6 37. a4 Re2 38. Rxe2 Nxe2 39. Kg2
N6d4 40. Kf2 Kd5 41. Rd2 Ng3 0-1

[Event "Interclub A"]
[Site "Adelaide"]
[Date "2008.05.20"]
[Round "4.4"]
[White "Turcaj, Pavel"]
[Black "Kramer, Warren"]
[Result "1-0"]
[WhiteElo "1566"]
[BlackElo "1369"]
[PlyCount "91"]
[EventDate "2008.04.29"]

1. e4 c5 2. Nf3 Nc6 3. d4 cxd4 4. Nxd4 e5 5. Nf3 Nf6 6. Nc3 Be7 7. Bc4 d6 8.
O-O Be6 9. Bd5 O-O 10. Re1 Rc8 11. Be3 a6 12. Qe2 Bxd5 13. exd5 Nb4 14. Rad1 a5
15. a3 Na6 16. Qb5 Nc5 17. Bxc5 Rxc5 18. Qxb7 Rc8 19. Qa6 Ra8 20. Qd3 Rb8 21.
Rb1 Nh5 22. Qe3 f5 23. Red1 g5 24. g3 f4 25. Qe2 Ng7 26. Ne4 g4 27. Nfd2 f3 28.
Qf1 Nf5 29. c4 Nd4 30. b4 Ne2+ 31. Kh1 axb4 32. axb4 Bg5 33. c5 Bxd2 34. Rxd2
dxc5 35. bxc5 Nd4 36. d6 Ra8 37. c6 Nxc6 38. Qc4+ Kh8 39. Qxc6 Rc8 40. Qd5 Rf5
41. d7 Rc7 42. Qe6 Rf8 43. Qxe5+ Kg8 44. Rbd1 Ra7 45. Qd5+ Kh8 46. Qd4+ 1-0

[Event "Interclub A"]
[Site "Adelaide"]
[Date "2008.05.20"]
[Round "4.1"]
[White "Cloudsdale, Colin"]
[Black "Mdinaradze, Edgar"]
[Result "1-0"]
[WhiteElo "1962"]
[BlackElo "1908"]
[PlyCount "120"]
[EventDate "2008.04.29"]

1. e4 d6 2. d4 Nf6 3. Nc3 g6 4. g3 Bg7 5. Bg2 c6 6. Nge2 Na6 7. h3 Bd7 8. Be3
Qa5 9. Qd2 h6 10. O-O g5 11. f4 gxf4 12. gxf4 h5 13. Rad1 h4 14. Nd5 Qxd2 15.
Nxf6+ Bxf6 16. Rxd2 Rg8 17. Kh2 e6 18. Ng1 c5 19. e5 cxd4 20. exf6 dxe3 21.
Rxd6 Rxg2+ 22. Kxg2 Bc6+ 23. Nf3 Nc5 24. Re1 Ne4 25. Rxc6 bxc6 26. Rxe3 Nxf6
27. Ne5 Nd5 28. Rf3 Rb8 29. b3 Ne7 30. Rc3 Rc8 31. Rc4 f6 32. Ng4 Kf7 33. Kf3
Rd8 34. Ne3 Rg8 35. Ng4 Rd8 36. Ra4 Rd7 37. Ne3 Nd5 38. Ng2 Ne7 39. Nxh4 f5 40.
Ke2 Kf6 41. Nf3 Ng6 42. Rc4 Rh7 43. Rxc6 Nxf4+ 44. Ke3 Nd5+ 45. Kd4 Rd7 46. Kc5
Ne7 47. Ra6 Rc7+ 48. Kd6 Rxc2 49. Kd7 Re2 50. Nd4 Rd2 51. Rxe6+ Kg5 52. Rd6
Rxa2 53. Kxe7 f4 54. Nf3+ Kf5 55. Re6 a5 56. Re5+ Kg6 57. Rg5+ Kh6 58. Kf6 a4
59. Nd4 axb3 60. Nf5+ Kh7 1-0

[Event "Interclub A"]
[Site "Adelaide"]
[Date "2008.05.20"]
[Round "4.2"]
[White "Juszczynski, Mathew"]
[Black "Rigo, Bernard"]
[Result "1-0"]
[WhiteElo "1906"]
[BlackElo "1777"]
[PlyCount "118"]
[EventDate "2008.04.29"]

1. d4 d5 2. Nf3 Nf6 3. e3 Bg4 4. c4 e6 5. Qb3 Qc8 6. Ne5 Bf5 7. Nc3 c6 8. f3 h5
9. Bd3 Bxd3 10. Nxd3 Nbd7 11. O-O dxc4 12. Qxc4 Bd6 13. e4 e5 14. Bg5 b5 15.
Qb3 exd4 16. e5 Nxe5 17. Nxe5 Bxe5 18. Rfe1 O-O 19. Rxe5 dxc3 20. Bxf6 gxf6 21.
Rxh5 cxb2 22. Qxb2 Qe6 23. Qc2 Rfd8 24. h3 Rac8 25. Qh7+ Kf8 26. Qh6+ Ke7 27.
Rh4 Rd5 28. Re4 Re5 29. Rae1 Kd7 30. Qd2+ Kc7 31. Qa5+ Kb7 32. a4 a6 33. axb5
cxb5 34. Qd2 Rc7 35. Qd4 Rc4 36. Qd3 Rcxe4 37. fxe4 Qc4 38. Qf3 Qc6 39. Re3 b4
40. Qe2 Qb6 41. Kh1 f5 42. Qf3 Ka7 43. Qf4 Qe6 44. Qf2 Kb7 45. exf5 Rxf5 46.
Qd2 Qd5 47. Qxb4+ Qb5 48. Qe7+ Kb6 49. Qd8+ Kc5 50. Qc7+ Kd4 51. Qc3+ Kd5 52.
Qd2+ Kc6 53. Qc2+ Rc5 54. Qe4+ Kb6 55. Re1 Qd7 56. Qe3 Qd5 57. Rb1+ Kc6 58.
Qe8+ Qd7 59. Rb6+ Kc7 1-0

[Event "Interclub A"]
[Site "Adelaide"]
[Date "2008.05.20"]
[Round "4.3"]
[White "Wilson, James E"]
[Black "Lang, Grahame"]
[Result "1/2-1/2"]
[WhiteElo "1392"]
[BlackElo "1703"]
[PlyCount "63"]
[EventDate "2008.04.29"]

1. e4 d6 2. d4 Nf6 3. Nc3 g6 4. h3 c6 5. Nf3 b5 6. a3 a6 7. Bd3 Bg7 8. O-O O-O
9. Ne2 Qc7 10. Ng3 e5 11. c3 Nbd7 12. Be3 Re8 13. Ng5 Nf8 14. f4 Ne6 15. f5 Nf4
16. Bc2 Bh6 17. h4 Bg7 18. Bxf4 exf4 19. Rxf4 c5 20. h5 Bh6 21. hxg6 Bxg5 22.
gxh7+ Kh8 23. Rf1 Bb7 24. d5 Be3+ 25. Kh1 Qe7 26. Qf3 Bh6 27. Rae1 Qe5 28. Nh5
Nxh7 29. g4 Ng5 30. Qg3 Qxg3 31. Nxg3 Re5 32. Kg2 1/2-1/2

[Event "Interclub A"]
[Site "Adelaide"]
[Date "2008.05.20"]
[Round "4.4"]
[White "Staak, Eric"]
[Black "Lower, Kevin"]
[Result "1-0"]
[WhiteElo "1473"]
[BlackElo "1103"]
[PlyCount "73"]
[EventDate "2008.04.29"]

1. e4 e6 2. d4 d5 3. e5 c5 4. Nf3 Nc6 5. c3 Qb6 6. Bd3 Bd7 7. O-O h6 8. Bc2
cxd4 9. cxd4 Be7 10. a3 f6 11. Bg6+ Kd8 12. Re1 f5 13. Bf7 Kc7 14. b4 Rf8 15.
Bh5 g5 16. Kh1 g4 17. Ng1 Bg5 18. f4 Bh4 19. Re2 Kb8 20. Be3 Be8 21. Bxe8 Rxe8
22. Nc3 Qd8 23. Nb5 Be7 24. Rc2 a6 25. Nc3 Na7 26. Rb1 Qd7 27. a4 Rc8 28. Nge2
h5 29. Rcb2 b5 30. axb5 Nxb5 31. Na4 Qb7 32. Nc5 Bxc5 33. bxc5 Ne7 34. Nc3 Kc7
35. Nxb5+ axb5 36. Rxb5 Qc6 37. Rb6 1-0

[Event "Interclub A"]
[Site "Adelaide"]
[Date "2008.05.20"]
[Round "4.1"]
[White "Jackson, Ralph E"]
[Black "Kerr, Bill"]
[Result "1-0"]
[WhiteElo "1901"]
[BlackElo "1958"]
[PlyCount "120"]
[EventDate "2008.04.29"]

1. Nf3 Nc6 2. d4 d5 3. g3 Bg4 4. Nbd2 Qd7 5. Bg2 O-O-O 6. b4 Nxb4 7. Ne5 Qf5 8.
O-O Nxc2 9. Nxg4 Nxa1 10. Ne3 Qd7 11. Ba3 e6 12. Bxf8 Rxf8 13. Qxa1 Qa4 14. Qc3
Nf6 15. Rb1 Kb8 16. Nc2 Rd8 17. Rb4 Qxa2 18. Qc6 b6 19. Ra4 Rd6 20. Nb4 Rxc6
21. Nxc6+ Kb7 22. Na5+ bxa5 23. Rxa2 Kb6 24. Nb3 Kb5 25. Nxa5 c5 26. dxc5 Kxc5
27. Nb3+ Kb4 28. Nc1 a5 29. Nd3+ Kb5 30. Ne5 a4 31. Nxf7 Ra8 32. Ne5 a3 33. e3
Ka4 34. Nd3 Rc8 35. Bf1 Kb3 36. Ra1 a2 37. Nc1+ Rxc1 38. Rxc1 Kb2 39. Rd1 a1=Q
40. Rxa1 Kxa1 41. f4 Ng4 42. Bh3 Nxe3 43. Bxe6 d4 44. Kf2 Kb2 45. Bg8 h5 46.
Bh7 Kc3 47. h3 Nd5 48. Bg6 d3 49. Bxh5 d2 50. Bf3 Kc2 51. f5 d1=Q 52. Bxd1+
Kxd1 53. g4 Kd2 54. Kf3 Kd3 55. g5 Nc7 56. Kf4 Kd4 57. f6 g6 58. h4 Nd5+ 59.
Kg4 Ne3+ 60. Kf3 Nf5 1-0

[Event "Interclub A"]
[Site "Adelaide"]
[Date "2008.05.20"]
[Round "4.2"]
[White "Jelic, Mato"]
[Black "Haydn, Gavin"]
[Result "1-0"]
[WhiteElo "1741"]
[BlackElo "1551"]
[PlyCount "53"]
[EventDate "2008.04.29"]

1. d4 Nf6 2. c4 e6 3. Nc3 Bb4 4. e3 O-O 5. Nge2 b6 6. a3 Be7 7. Ng3 Bb7 8. f3
d5 9. cxd5 Nxd5 10. Nxd5 Bxd5 11. e4 Bb7 12. Be3 Nd7 13. Bb5 a6 14. Ba4 Nf6 15.
O-O Rc8 16. Rc1 c6 17. Qe2 b5 18. Bb3 a5 19. Rfd1 a4 20. Bc2 Nd7 21. Bb1 Nb6
22. Ba2 b4 23. axb4 Bxb4 24. Qf2 Ba5 25. Nh5 Re8 26. Qg3 g6 27. Bg5 1-0

[Event "Interclub A"]
[Site "Adelaide"]
[Date "2008.05.20"]
[Round "4.3"]
[White "Howard, George"]
[Black "Anderson-Smith, William"]
[Result "0-1"]
[WhiteElo "1560"]
[BlackElo "1573"]
[PlyCount "20"]
[EventDate "2008.04.29"]

1. e4 e6 2. d4 d5 3. e5 c5 4. c3 Nc6 5. Nf3 Qb6 6. Be2 Bd7 7. b3 cxd4 8. cxd4
Bb4+ 9. Bd2 Nxd4 10. O-O Nxe2+ 0-1

[Event "Interclub A"]
[Site "Adelaide"]
[Date "2008.05.20"]
[Round "4.4"]
[White "Eustace, Sophie"]
[Black "Bortsova, Natasha"]
[Result "1-0"]
[WhiteElo "1480"]
[BlackElo "1102"]
[PlyCount "47"]
[EventDate "2008.04.29"]

1. e4 c5 2. Nf3 d6 3. d4 cxd4 4. Nxd4 Nc6 5. Nc3 Nf6 6. Be2 h6 7. Be3 b5 8.
Nxc6 Qc7 9. Nd4 b4 10. Nd5 Nxd5 11. exd5 Bb7 12. Nb3 g6 13. Qd2 Bg7 14. Bd4 e5
15. dxe6 Bxd4 16. exf7+ Qxf7 17. Qxd4 Rf8 18. Qe3+ Kd8 19. O-O Qd5 20. Bf3 Qb5
21. Bxb7 Qxb7 22. Rad1 Re8 23. Rxd6+ Kc7 24. Qc5+ 1-0

[Event "Interclub A"]
[Site "Adelaide"]
[Date "2008.05.20"]
[Round "4.1"]
[White "Hubczenko, Ilya"]
[Black "Zorkovic, Ante"]
[Result "1-0"]
[WhiteElo "1576"]
[BlackElo "1506"]
[PlyCount "83"]
[EventDate "2008.04.29"]

1. e4 c5 2. Nf3 g6 3. c4 Bg7 4. d4 cxd4 5. Nxd4 Nc6 6. Nxc6 bxc6 7. Nc3 d6 8.
Bd3 Nf6 9. O-O O-O 10. h3 Bb7 11. Rb1 Re8 12. Bg5 Bc8 13. Qd2 Qa5 14. b4 Qd8
15. Bh6 Bd7 16. Bxg7 Kxg7 17. f4 Qc8 18. f5 e6 19. fxg6 hxg6 20. Qf4 Qd8 21.
Qxd6 e5 22. Bc2 Re6 23. Qc5 Qc7 24. Qf2 Rh8 25. c5 Qd8 26. Rbd1 Qe7 27. Bb3 Nh5
28. Bxe6 Bxe6 29. Ne2 Bxa2 30. Rd6 Be6 31. Rxc6 Nf6 32. Ng3 Rd8 33. Qf3 Rd4 34.
b5 Rb4 35. b6 axb6 36. cxb6 Rb3 37. Qf2 Ne8 38. Ne2 Nd6 39. Nc3 Bc4 40. Nd5
Bxd5 41. exd5 Ne4 42. Rc7 1-0

[Event "Interclub A"]
[Site "Adelaide"]
[Date "2008.05.20"]
[Round "4.2"]
[White "Ivkovic, Novica"]
[Black "Harrison, Richard"]
[Result "0-1"]
[WhiteElo "1717"]
[BlackElo "1085"]
[PlyCount "51"]
[EventDate "2008.04.29"]

1. e4 e5 2. Bc4 Nf6 3. d3 Nc6 4. f4 Bc5 5. f5 d5 6. exd5 Nxd5 7. Qh5 O-O 8. Nc3
Ndb4 9. Ne4 Be7 10. Kd1 Nd4 11. c3 b5 12. Bg5 bxc4 13. Bxe7 Qxe7 14. cxd4 cxd3
15. Nf3 Nc2 16. dxe5 Ne3+ 17. Kd2 Nxf5 18. g4 Qb4+ 19. Nc3 Qf4+ 20. Ke1 Qxf3
21. Rf1 Qe3+ 22. Kd1 Nd4 23. g5 Bb7 24. Qh4 Bf3+ 25. Rxf3 Nxf3 26. a3 0-1

[Event "Interclub A"]
[Site "Adelaide"]
[Date "2008.05.20"]
[Round "4.3"]
[White "Glascott, Brent"]
[Black "Miletic, Savo"]
[Result "0-1"]
[WhiteElo "1178"]
[BlackElo "1533"]
[PlyCount "102"]
[EventDate "2008.04.29"]

1. e4 d5 2. exd5 Qxd5 3. Nf3 Nf6 4. Be2 Bf5 5. O-O e6 6. Nc3 Qa5 7. Re1 Bd6 8.
Nd4 Bg6 9. d3 c6 10. Bd2 Qc7 11. Nf3 Nbd7 12. h3 O-O 13. Bf1 b5 14. Ne4 Rad8
15. Nxd6 Qxd6 16. Nh4 Bh5 17. Be2 Bxe2 18. Qxe2 Qd4 19. Nf3 Qxb2 20. Rec1 Nb6
21. Ng5 Qd4 22. Nxe6 fxe6 23. Qxe6+ Kh8 24. Qxc6 Qd5 25. Qc3 Rc8 26. Qa5 Qd7
27. Rab1 Rfe8 28. Rxb5 Re2 29. Bc3 Rxc3 30. Rxb6 Qd4 31. Rb8+ Ng8 32. Qf5 g6
33. Qf8 Qg7 34. Qf3 Rexc2 35. Rxg8+ Kxg8 36. Qd5+ Qf7 37. Qd8+ Kg7 38. Qd4+ Qf6
39. Qxa7+ Kh6 40. Rxc2 Rxc2 41. a4 Rc1+ 42. Kh2 Qf4+ 43. g3 Qf3 44. Qe3+ Qxe3
45. fxe3 Rc3 46. Kg2 Rxd3 47. Kf3 Ra3 48. a5 Rxa5 49. Kf4 g5+ 50. Kf3 Kg6 51.
g4 Kf6 0-1

[Event "Interclub A"]
[Site "Adelaide"]
[Date "2008.05.20"]
[Round "4.4"]
[White "Lozic, Anto"]
[Black "Atrens, Karlis"]
[Result "1/2-1/2"]
[WhiteElo "1407"]
[BlackElo "1166"]
[PlyCount "35"]
[EventDate "2008.04.29"]

1. e4 c6 2. Bc4 d5 3. exd5 cxd5 4. Bb3 Bf5 5. d4 e6 6. c3 Bd6 7. Nf3 h6 8. O-O
Nf6 9. Qe2 O-O 10. Ne5 Nbd7 11. Bf4 Bc7 12. Nd2 Rc8 13. h3 Nh7 14. g4 Qh4 15.
Nxd7 Bxf4 16. Nxf8 Qxh3 17. f3 Be3+ 18. Qxe3 1/2-1/2

[Event "Interclub A"]
[Site "Adelaide"]
[Date "2008.05.20"]
[Round "4.1"]
[White "Zaric, Srboljub"]
[Black "Sykes, Alexander"]
[Result "1/2-1/2"]
[WhiteElo "2101"]
[BlackElo "1920"]
[PlyCount "36"]
[EventDate "2008.04.29"]

1. e4 Nf6 2. e5 Nd5 3. c4 Nb6 4. d4 d6 5. f4 dxe5 6. fxe5 c5 7. d5 g6 8. Bd3
Bg7 9. Qe2 O-O 10. Nc3 e6 11. dxe6 Bxe6 12. Nf3 Bg4 13. Bf4 Nc6 14. O-O-O Nd4
15. Qf2 Re8 16. Rhe1 Be6 17. Qf1 Qd7 18. Kb1 a5 1/2-1/2

[Event "Interclub A"]
[Site "Adelaide"]
[Date "2008.05.20"]
[Round "4.2"]
[White "Djelaj, Pasko"]
[Black "Hoff, Michael"]
[Result "1/2-1/2"]
[WhiteElo "1647"]
[BlackElo "1840"]
[PlyCount "97"]
[EventDate "2008.04.29"]

1. d4 Nf6 2. Nf3 d5 3. c4 c6 4. e3 g6 5. Be2 Bg7 6. Nc3 O-O 7. Qb3 dxc4 8. Qxc4
b5 9. Qb3 a5 10. Qc2 Nbd7 11. O-O Nb6 12. b3 b4 13. Nb1 Bf5 14. Qd1 Ne4 15. a4
Nd5 16. Bb2 c5 17. Re1 Qc7 18. Bc4 Ndc3 19. Qc1 Nxb1 20. Rxb1 Rac8 21. Ra1 Qb7
22. dxc5 Nc3 23. Nd4 Rxc5 24. Bxc3 bxc3 25. Qxc3 Rfc8 26. Qd2 Be4 27. f3 Bd5
28. Rac1 Bxc4 29. bxc4 Rxc4 30. Rxc4 Rxc4 31. Qxa5 Bxd4 32. Qd8+ Kg7 33. exd4
Rc7 34. Qe8 Qb4 35. Kf1 Qc4+ 36. Re2 Qxd4 37. Rxe7 Rc1+ 38. Re1 Qc4+ 39. Qe2
Rxe1+ 40. Kxe1 Qxa4 41. g3 Qd4 42. Kf1 h5 43. h4 Qf6 44. Kg2 g5 45. hxg5 Qxg5
46. f4 Qf5 47. Qf3 Kg6 48. Qc6+ Kg7 49. Qf3 1/2-1/2

[Event "Interclub A"]
[Site "Adelaide"]
[Date "2008.05.20"]
[Round "4.3"]
[White "Ballard, Peter"]
[Black "Paprzycki, Eryk"]
[Result "1-0"]
[WhiteElo "1905"]
[BlackElo "1491"]
[PlyCount "69"]
[EventDate "2008.04.29"]

1. e4 c5 2. Nf3 d6 3. d4 cxd4 4. Nxd4 Nf6 5. Nc3 a6 6. Bg5 e6 7. f4 b5 8. e5
dxe5 9. fxe5 Qc7 10. Qe2 Nfd7 11. O-O-O Nc6 12. Qg4 Nxd4 13. Rxd4 Bb7 14. Nxb5
axb5 15. Bxb5 Bc8 16. Rhd1 Rxa2 17. Bxd7+ Bxd7 18. R1d3 Ra1+ 19. Kd2 Qxe5 20.
Re3 Qa5+ 21. b4 Qc7 22. Red3 Qe5 23. Be3 Ra7 24. Re4 Qb8 25. Bxa7 Qxa7 26. Red4
Bb5 27. Rd8+ Ke7 28. Qg5+ f6 29. Qxb5 Qf2+ 30. Kc1 f5 31. Qe5 Qa7 32. b5 Rg8
33. b6 Qb7 34. Qc7+ Qxc7 35. bxc7 1-0

[Event "Interclub A"]
[Site "Adelaide"]
[Date "2008.05.20"]
[Round "4.4"]
[White "Hill, Steven"]
[Black "Atrens, Edvard"]
[Result "0-1"]
[WhiteElo "1426"]
[BlackElo "1397"]
[PlyCount "82"]
[EventDate "2008.04.29"]

1. e4 c5 2. Nf3 d6 3. d4 cxd4 4. Nxd4 Nf6 5. Nc3 a6 6. Bd3 e6 7. Bg5 Nbd7 8.
Qd2 Qc7 9. O-O-O b5 10. f4 Rb8 11. e5 dxe5 12. fxe5 Nxe5 13. Bf4 Nxd3+ 14. cxd3
Bd6 15. Bxd6 Qxd6 16. Nf3 Bb7 17. Qe2 O-O 18. Kb1 Qb4 19. Nd2 Rfd8 20. Nde4 Nd5
21. Nxd5 Bxd5 22. Nc3 Bb7 23. Rc1 Rd4 24. Rhd1 Rbd8 25. Qe5 Qd6 26. Qxd6 R4xd6
27. Ne2 Bxg2 28. Rc7 g6 29. Nf4 Bf3 30. Rf1 Bg4 31. Kc2 Bf5 32. Rf3 e5 33. Nh5
Bxd3+ 34. Rxd3 Rxd3 35. Nf6+ Kg7 36. Ne4 R8d4 37. Ng5 Rd2+ 38. Kc1 Rd7 39. Rc6
R2d6 40. Rc5 f6 41. Ne4 Rd4 0-1

[Event "Interclub A"]
[Site "Adelaide"]
[Date "2008.05.27"]
[Round "5.1"]
[White "Riches, L John"]
[Black "Goldsmith, Alan"]
[Result "0-1"]
[WhiteElo "1690"]
[BlackElo "2030"]
[PlyCount "44"]
[EventDate "2008.04.29"]

1. d4 d5 2. c4 e5 3. dxe5 d4 4. Nf3 Nc6 5. Nbd2 f6 6. exf6 Nxf6 7. g3 Bg4 8.
Bg2 Qd7 9. b4 Bxb4 10. Rb1 Ne4 11. Rxb4 Nc3 12. Qb3 Qe7 13. Ne5 Nxe5 14. O-O
Nxe2+ 15. Kh1 O-O 16. Ne4 Rf3 17. Qb1 Nd3 18. Rxb7 Qxe4 19. Rb8+ Kf7 20. Bf4
Bh3 21. Qb7 Bxg2+ 22. Kxg2 Rxg3# 0-1

[Event "Interclub A"]
[Site "Adelaide"]
[Date "2008.05.27"]
[Round "5.2"]
[White "Vosvotekas, Ross"]
[Black "Djelaj, Pasko"]
[Result "1/2-1/2"]
[WhiteElo "1649"]
[BlackElo "1647"]
[PlyCount "83"]
[EventDate "2008.04.29"]

1. e4 e6 2. d4 d5 3. e5 c5 4. c3 Nc6 5. Nf3 a6 6. Be2 Qc7 7. O-O Nge7 8. Be3
Bd7 9. Nbd2 c4 10. Kh1 h6 11. Ng1 g6 12. b4 cxb3 13. axb3 Bg7 14. b4 O-O 15.
Nb3 Rfc8 16. Qd2 Kh7 17. Rfc1 Be8 18. g4 Nd8 19. h4 Ng8 20. f4 f5 21. g5 Bf8
22. Bd3 Qe7 23. Nf3 h5 24. Qb2 Nc6 25. Bd2 Na7 26. Ne1 Nh6 27. Be2 Ng4 28. Kg2
Nb5 29. Nc2 Kg8 30. Na3 b6 31. Nxb5 axb5 32. Kg3 Ra4 33. Ra3 Rca8 34. Rca1 Qc7
35. Nc1 Qb7 36. Bd1 Rxa3 37. Rxa3 Be7 38. Qa2 Rxa3 39. Qxa3 Kf7 40. Be2 Bd8 41.
Nb3 Bc7 42. Qa1 1/2-1/2

[Event "Interclub A"]
[Site "Adelaide"]
[Date "2008.05.27"]
[Round "5.3"]
[White "Paprzycki, Eryk"]
[Black "Cooke, Tristrom"]
[Result "1-0"]
[WhiteElo "1491"]
[BlackElo "1558"]
[PlyCount "69"]
[EventDate "2008.04.29"]

1. d4 d5 2. c4 c6 3. Nf3 Nf6 4. Nc3 dxc4 5. a4 Bf5 6. e3 Na6 7. Bxc4 Nb4 8. O-O
e6 9. Bd2 Be7 10. Ne1 O-O 11. Na2 Nxa2 12. Bxa2 Ne4 13. Bc1 e5 14. Nc2 exd4 15.
Nxd4 Bg6 16. Bb1 Qd7 17. Qf3 Ng5 18. Qe2 Bxb1 19. Rxb1 Rad8 20. Qc2 Bf6 21. Nb3
b6 22. Bd2 Qd3 23. Rfc1 c5 24. Bc3 Bxc3 25. Qxc3 Ne4 26. Qc2 h6 27. Qd1 Rd6 28.
h3 Rfd8 29. Qc2 Rf6 30. f3 Qxe3+ 31. Kh1 Nf2+ 32. Kh2 Qf4+ 33. Kg1 Qg3 34. Qxf2
Rxf3 35. Qxf3 1-0

[Event "Interclub A"]
[Site "Adelaide"]
[Date "2008.05.27"]
[Round "5.4"]
[White "Kramer, Warren"]
[Black "Hill, Steven"]
[Result "1/2-1/2"]
[WhiteElo "1369"]
[BlackElo "1426"]
[PlyCount "132"]
[EventDate "2008.04.29"]

1. d4 Nf6 2. c4 e5 3. dxe5 Ng4 4. Nf3 Nc6 5. Bg5 Be7 6. Bxe7 Qxe7 7. Nc3 Ngxe5
8. e3 O-O 9. Nxe5 Nxe5 10. Be2 d6 11. O-O Be6 12. b3 Rad8 13. f4 Nc6 14. f5
Bxf5 15. Nd5 Qg5 16. h4 Qg6 17. Bh5 Qe6 18. g4 Be4 19. Nf4 Qe5 20. g5 Ne7 21.
Bg4 d5 22. Qd4 Qxd4 23. exd4 dxc4 24. Rae1 Bf5 25. Rxe7 Bxg4 26. d5 cxb3 27.
axb3 Rd7 28. Rfe1 Rxe7 29. Rxe7 Rc8 30. Kf2 Kf8 31. Re3 Re8 32. Rc3 Re7 33. Kg3
Bf5 34. Kf2 Ke8 35. Nh5 Kf8 36. d6 cxd6 37. Nf4 g6 38. Nd5 Re8 39. Nf6 Rd8 40.
Nxh7+ Kg7 41. Nf6 d5 42. Rc7 Bc8 43. h5 gxh5 44. Nxh5+ Kg6 45. Nf4+ Kxg5 46.
Rxf7 a6 47. Nd3 Rd7 48. Rf8 Rc7 49. Rd8 Bd7 50. Ne5 Bc6 51. Nf3+ Kf4 52. Nd4
Ke4 53. Ne6 Rd7 54. Nc5+ Kd4 55. Nxd7 Kc3 56. Nf6 Kxb3 57. Nxd5 a5 58. Nb6 a4
59. Rd3+ Kb4 60. Rd1 Kc5 61. Nxa4+ Bxa4 62. Rd8 b5 63. Rb8 Kb4 64. Ke3 Bb3 65.
Kd4 Bc4 66. Rxb5+ Bxb5 1/2-1/2